000 01451nam0a2200325 4500
001 RU\NLR\BIBL_A\011499207
005 20240921182417.0
010 _a9785906698650
_9500
021 _aRU
_b2017-70751
_95031
035 _a(RuMoRGB)009396701
035 _a(NLR Aleph) 011499207
090 _a11988246
_c11988246
100 _a20171018d2017 u y0rusy50 ca
101 0 _arus
_bger
102 _aRU
105 _aac||zzzz0|0zy
200 1 _aСтарообрядцы-беспоповцы Нижегородской области 1988-1998
_dPriesterlose Altgläubige aus dem Gebiet Nischni Nowgorod zwischen 1988 und 1998
_e[фотоальбом]
_fфотографии Льва Зильбера
_g[вступительные статьи: Сергей Рудаков, д-р Кристиане Фрике]
_zger
210 _aНижний Новгород
_cКварц
_d2017
215 _a78 с.
_cил., портр.
_d30
300 _aТекст парал. рус., нем.
510 1 _6z11790
_aPriesterlose Altgläubige aus dem Gebiet Nischni Nowgorod zwischen 1988 und 1998
_zger
606 1 _aСтарообрядчество
_xИстория
_z20 в.
_92171814
_3RU\NLR\AUTH\6601542864
686 2 _aЭ372.242-37
700 1 _aЗильбер
_bЛ.
_f1953-
_gЛев
790 1 _6z11510
_aZil'ber
_bL.
_gLev
942 _cBOOK
980 _aNBR